000 00546nam a2200241Ia 4500
008 210210b2009 xxu||||| |||| 00| 0 eng d
020 _a9788184882414
041 _aeng
082 _a332.1 SRIB
100 _aSRIVASTAVA (Prem Kumar)
245 _aBanking theory and practice Ed 11
250 _a
260 _aMumbai
_bHimalaya Publishing House
_c2009
300 _a678
650 _atheory
650 _apractice
650 _aEd
650 _aBanking
650 _aand
650 _a11
690 _aBanking
906 _a064138
999 _c139710
_d139710